Crítica de la filosofía de las ciencias sociales de Max Weber /

Salvato in:
Dettagli Bibliografici
Autore principale: Runciman, W.G (autor)
Natura: Libro
Lingua:spagnolo
Pubblicazione: México : Fondo de Cultura Económica, 1976, c1976
Serie:(Breviarios ; 255)
Soggetti:
Tags: Aggiungi Tag
Nessun Tag, puoi essere il primo ad aggiungerne!!

MARC

LEADER 00000nam^a2200000^a^4500
001 000016687
005 20250521000000.0
009 20260310084111.432
037 |a Acervo ITESO - Biblioteca 
041 |a ESP 
082 |a 082.  |b BRE V. 255 
100 |a Runciman, W.G.  |e (autor) 
245 1 0 |a Crítica de la filosofía de las ciencias sociales de Max Weber /  |c W.G. Runciman ; tr. por Eduardo Peña Alfaro. 
264 4 |a México :  |b Fondo de Cultura Económica,  |c 1976, c1976 
300 |a 176 p. 
336 |a texto  |b txt  |2 rdacontenido 
337 |a sin mediación  |b n  |2 rdamedio 
338 |a volumen  |b nc  |2 rdasoporte 
440 1 |a (Breviarios ;  |v 255) 
500 |a Traducción de: A Critique of Max Weber's Philosophy of Social Science 
649 |a XX 
650 |a Sociólogos Alemanes 
650 |a Weberanismo -  |x Historia y Crítica 
650 |a Sociología -  |x Metodología 
650 |a Ciencias Sociales -  |x Filosofía -  |x Historia y Crítica -  |x Tema Principal 
650 |a Weber, Max -  |x Tema Principal 
910 |a Fondo General 
920 |a Impresos - Libros 
930 |a Colección General 
905 |a 101 
901 |a 0166870100  |b IT1  |c ACC  |i 016687  |u 20250521 
902 |a https://opac.biblio.iteso.mx/vufind/Record/000016687